000 00980nmm a2200277 a 4500
001 ocm000702070
003 TR-IsHL
005 20201028141946.0
008 131226s2011 tu tur
007 cr cn
035 _a702070
_b(N$T)
050 0 4 _aHE199.A2
_bG85 2011
090 0 4 _aHE199.A2
_bG85 2011
100 1 _aGülen, Kemal Güven
245 1 0 _aLojistik sektöründe durum analizi ve rekabetçi stratejileri
_h[electronic resource] /
_cKemal Güven Gülen
260 _aİstanbul :
_bİstanbul Ticaret Odası,
_c2011
300 _a240 p.
650 4 _aEkonomi ve Finans
650 4 _aEconomics and Finance
650 0 _aİş lojistik
_x Yönetim
_x Türkiye
650 0 _aBusiness logistics
_xManagement
_xTurkey
650 0 _aİş Lojistik
_x Türkiye
650 0 _aBusiness logistics
_xTurkey
650 7 _aBUSINESS & ECONOMICS / Management
_2bisacsh
856 4 0 _uhttp://search.ebscohost.com/login.aspx?direct=true&scope=site&db=e011xww&AN=702070
999 _c8093
_d8093